000 01322cam a22003377a 4500
003 CHAP
005 20220329142452.0
008 010517d1999 mx r 00110 spa d
010 _a83919
011 _a84891
035 _a95417
040 _cCHAP
090 _aTesis
100 0 0 _aNarváez Martínez, Moisés.
_980251
245 1 0 _aCría masiva de Diachasmimorpha longicaudata (Ashmead) (Hymenoptera: Braconidae) con larvas irradiadas de Anastrepha ludens (Loew.) (Díptera: Tephritidae) en dietas recicladas
_c/por Moisés Narváez Martínez
260 _aHuehuetan, Chis. :
_bEl autor,
_c1999.
502 _aTesis )Ing. Agr. Parasitólogo) -- Universidad Autónoma de Chiapas. Facultad de Ciencias Agrícolas Campus IV
590 _aALEPH
_b10
_c20130110
_lUCH01
_h1442
590 _aBATCH-UPD
_b10
_c20130110
_lUCH01
_h0312
590 _aBATCH-UPD
_b10
_c20130110
_lUCH01
_h1928
590 _aBATCH-UPD
_b10
_c20130409
_lUCH01
_h2344
590 _aBATCH-UPD
_b10
_c20130914
_lUCH01
_h0329
590 _aCONVERSION
_b10
_c20130109
_lUCH01
_h1347
650 1 4 _aAnastrepha ludens.
_95487
650 1 4 _aControl biológico de plagas.
_927587
650 1 4 _aDiachasmimorpha longicaudatus.
_932389
901 _aBK
905 _aMayto Villalobos S.
942 _cTESIS
949 _aTesis
_bBC
_cTES
_d994171
_eTS1
_h38084
_i95417
_sb
999 _c83919
_d83919